मेवाड़ के महाराणा और उनकी गौरव गाथा / (Record no. 208358)

MARC details
000 -LEADER
fixed length control field 00875nam a22001817a 4500
005 - DATE AND TIME OF LATEST TRANSACTION
control field 20250110115145.0
010 ## - LCCN (DPL NO)
LC control number HIN-129153
020 ## - INTERNATIONAL STANDARD BOOK NUMBER
International Standard Book Number 9789356842458
Terms of availability 350.00
035 ## - SYSTEM CONTROL NUMBER
System control number HN-101499
037 ## - SOURCE OF ACQUISITION
Source of stock number/acquisition DBAD
082 ## - DEWEY DECIMAL CLASSIFICATION NUMBER
Classification number 954.05
100 ## - MAIN ENTRY--PERSONAL NAME
Personal name आर्य, राकेश कुमार
245 ## - TITLE STATEMENT
Title मेवाड़ के महाराणा और उनकी गौरव गाथा /
Statement of responsibility, etc राकेश कुमार आर्य
260 ## - PUBLICATION, DISTRIBUTION, ETC. (IMPRINT)
Place of publication, distribution, etc नई दिल्ली
Name of publisher, distributor, etc डायमंड पॉकेट बुक्स
Date of publication, distribution, etc 2023
270 ## - ADDRESS
Address X-30, ओखला इंडस्ट्रियल एरिया, फेज-2
City नई दिल्ली
Postal code 110020
Telephone number 011-40712200
Electronic mail address sales@dpb.in
-- wecare@diamondbooks.in
300 ## - PHYSICAL DESCRIPTION
Extent 310 पृ.
Dimensions 22 सेमी (अजिल्द)
942 ## - ADDED ENTRY ELEMENTS (KOHA)
Item type Hindi Books
Source of classification or shelving scheme Dewey Decimal Classification
Classification part 954.05
Call number suffix आर्यरा
Holdings
Withdrawn status Lost status Not for loan Collection code Home library Current library Date acquired Source of acquisition Cost, normal purchase price Full call number Barcode Copy number Cost, replacement price Koha item type
      Non-fiction Kadipur Kadipur 10/01/2025 DBAD 350.00 954.05 आर्यरा HN-101499 1 350.00 Hindi Books

© Delhi Public Library
Hit Counter
free hit counter